Business opportunities : student 's book /

Guardado en:
Autor Principal: Hollett, Vicki
Formato: Libro
Publicado: New York : Oxford University Press , 1994
Edición:2a. ed.
Materias:
Etiquetas: Agregar Etiqueta
Sin Etiquetas, Sea el primero en etiquetar este registro!
LEADER 00549nam a22001935a 4500
001 CEM.cems012186
005 20060810000000.0
008 130507s1994##################000#0#####d
003 CEMS
020 |a 0194520285 
082 0 4 |a 428.64 
100 1 |a Hollett, Vicki 
245 1 0 |a Business opportunities :  |b student 's book /  |c Vicki Hollett 
250 |a 2a. ed. 
260 |a New York :  |b  Oxford University Press ,  |c 1994 
300 |a 192 p. 
653 |a Inglés 
653 |a Libros de texto 
859 |a CEMS  |b BIB. CEMS - 11 de abril  |h 428.64  |i H743  |p 23405.06  |t Ej.1